Lecturas y escrituras
Wedi'i Gadw mewn:
| Prif Awduron: | , |
|---|---|
| Fformat: | Llyfr |
| Iaith: | Sbaeneg |
| Cyhoeddwyd: |
Buenos Aires
Del Eclipse
2000
|
| Cyfres: | Lengua y Literatura, 1
|
| Pynciau: | |
| Tagiau: |
Ychwanegu Tag
Dim Tagiau, Byddwch y cyntaf i dagio'r cofnod hwn!
|
MARC
| LEADER | 00000nam a2200000 a 4500 | ||
|---|---|---|---|
| 001 | UCO6558 | ||
| 003 | CL-VaPUC | ||
| 008 | 001027e20000000AG |||||||||||||||||spa|d | ||
| 082 | 0 | 4 | |a 372.41 |b LES |2 21 |
| 100 | 0 | |a Lescano, Marta |e author |9 451279 | |
| 700 | 0 | |a Lombardo, Silvina |e author |9 451280 | |
| 245 | 1 | 0 | |a Lecturas y escrituras |
| 300 | |a 199 p | ||
| 942 | |c BK | ||
| 945 | |d 20001027 00:00:00 |a vberengu | ||
| 260 | |a Buenos Aires |b Del Eclipse |c 2000 | ||
| 650 | 0 | |a Comprensión de lectura |9 307588 | |
| 650 | 0 | |a Educación lingüística |9 306506 | |
| 650 | 0 | |a Enseñanza de la escritura |9 307377 | |
| 650 | 0 | |a Enseñanza de la lectura |9 308364 | |
| 650 | 0 | |a Lectura |9 307634 | |
| 650 | 0 | |a Métodos de enseñanza |9 270413 | |
| 583 | |a last modification |c 20001027 00:00:00 |k Rodrigo Vera | ||
| 490 | 0 | |a Lengua y Literatura, 1 | |
| 999 | |c 292044 |d 292042 | ||
| 952 | |0 0 |1 0 |4 0 |6 372_410000000000000_LES_2000 |7 0 |8 A |9 342570 |a FDOPOS |b FDOPOS |d 2019-11-20 |i 366404K |o 372.41 LES 2000 |p 366404K |r 2025-01-22 |w 2019-11-20 |y BK |k MLA | ||